000 00326 a2200121 4500
000 nam a22 7a 4500
005 20260428170041.0
020 _a9789359446134
100 _aMoti Lal Pandit
_9857253
245 _aThe Tantric and Philosophical Aspects of Kashmir Saivism
260 _bDev Publishers
_c2025
942 _cTEXL
999 _c1848619
_d1848619